<?xml version="1.0" encoding="UTF-8"?>
<record
    xmlns:xsi="http://www.w3.org/2001/XMLSchema-instance"
    xsi:schemaLocation="http://www.loc.gov/MARC21/slim http://www.loc.gov/standards/marcxml/schema/MARC21slim.xsd"
    xmlns="http://www.loc.gov/MARC21/slim">

  <leader>01483nam a2200241 i 4500</leader>
  <controlfield tag="001">189526</controlfield>
  <controlfield tag="003">SpMaBN</controlfield>
  <controlfield tag="005">20251014063307.0</controlfield>
  <controlfield tag="008">190606s1868    po           |||| | por d</controlfield>
  <datafield tag="100" ind1="1" ind2=" ">
    <subfield code="a">Costa, Francisco A. Pereira da, </subfield>
    <subfield code="d">1809-1889</subfield>
    <subfield code="9">167301</subfield>
  </datafield>
  <datafield tag="245" ind1="1" ind2="0">
    <subfield code="a">No&#xE7;oes sobre o estado prehistorico da terra e do homem seguidas da descrip&#xE7;&#xE2;o de alguns dolmins ou antas de Portugal = </subfield>
    <subfield code="b">Notions sur l'&#xE9;tat prehistorique de la terre et de l'homme suivies de la description de quelques dolmens ou antas du Portugal / </subfield>
    <subfield code="c">por F.A. Pereira da Costa ; com a tradu&#xE7;ao franceza por M. Dalhunty.</subfield>
  </datafield>
  <datafield tag="246" ind1="3" ind2=" ">
    <subfield code="a">Notions sur l'&#xE9;tat prehistorique de la terre et de l'homme suivies de la description de quelques dolmens ou antas du Portugal</subfield>
  </datafield>
  <datafield tag="246" ind1="3" ind2=" ">
    <subfield code="a">Monumentos prehistoricos : </subfield>
    <subfield code="b">descrip&#xE7;ao de alguns dolmins ou antas de Portugal</subfield>
  </datafield>
  <datafield tag="260" ind1=" " ind2=" ">
    <subfield code="a">Lisboa : </subfield>
    <subfield code="b">Typ. da Academia Real das Sciencias, </subfield>
    <subfield code="c">1868.</subfield>
  </datafield>
  <datafield tag="300" ind1=" " ind2=" ">
    <subfield code="a">VIII, 97 p., III h. de l&#xE1;m. pleg. ; </subfield>
    <subfield code="c">33 cm.</subfield>
  </datafield>
  <datafield tag="546" ind1=" " ind2=" ">
    <subfield code="a">Texto paralelo en portugu&#xE9;s y franc&#xE9;s.</subfield>
  </datafield>
  <datafield tag="650" ind1=" " ind2="4">
    <subfield code="a">Hombre prehist&#xF3;rico-</subfield>
    <subfield code="z">Portugal.</subfield>
    <subfield code="9">167302</subfield>
  </datafield>
  <datafield tag="651" ind1=" " ind2="4">
    <subfield code="a">Portugal-</subfield>
    <subfield code="x">Historia-</subfield>
    <subfield code="y">&#xC9;poca prehist&#xF3;rica.</subfield>
    <subfield code="9">161570</subfield>
  </datafield>
  <datafield tag="700" ind1="1" ind2=" ">
    <subfield code="a">Dalhunty. M.</subfield>
    <subfield code="9">126690</subfield>
  </datafield>
  <datafield tag="710" ind1="2" ind2=" ">
    <subfield code="a">Academia das Ci&#xEA;ncias de Lisboa.</subfield>
    <subfield code="9">1159</subfield>
  </datafield>
  <datafield tag="852" ind1=" " ind2=" ">
    <subfield code="a">ES-MaACL</subfield>
    <subfield code="j">L-32428(3)   </subfield>
    <subfield code="z">- Enc. cart.   </subfield>
    <subfield code="z">. - Legado Federico de Botella y de Hornos   </subfield>
    <subfield code="z">- Enc. en 1 vol. facticio, con nombre en el lomo de: "Portugal: geolog&#xED;a, memorias y documentos varios"</subfield>
  </datafield>
  <datafield tag="999" ind1=" " ind2=" ">
    <subfield code="c">189526</subfield>
    <subfield code="d">189526</subfield>
  </datafield>
  <datafield tag="952" ind1=" " ind2=" ">
    <subfield code="0">0</subfield>
    <subfield code="1">0</subfield>
    <subfield code="4">0</subfield>
    <subfield code="7">0</subfield>
    <subfield code="8">LIBXIX</subfield>
    <subfield code="a">ATENEOM</subfield>
    <subfield code="b">ATENEOM</subfield>
    <subfield code="c">DEPO2</subfield>
    <subfield code="d">2019-06-06</subfield>
    <subfield code="e">DON</subfield>
    <subfield code="l">0</subfield>
    <subfield code="o">L-32428(3)</subfield>
    <subfield code="p">1200821</subfield>
    <subfield code="r">2023-02-23 00:00:00</subfield>
    <subfield code="w">2023-02-23</subfield>
    <subfield code="y">MONANT</subfield>
  </datafield>
</record>
